MDQL
is popping MORE tags! Check the
thread
!
Quizzes
Events
Quiz Creation
Community
Videos
Private Events
Remove Ads
Sign In
Join for FREE
Feedback
Dark Mode
Quiz Categories
Sports
Geography
Music
Movies
Television
Just For Fun
Miscellaneous
History
Literature
Language
Science
Gaming
Entertainment
Religion
Holiday
For Kids
Quiz Lab
Recent
Popular Today
Quiz Kudos Today
Editor Picks
Curator Picks
Quizzes by...
Day
Popularity
Type
Ratings
Length
Year
Community
Subscriptions
Recent Discussions
Orange Saloon
Badges
Playlists
Quests
Create
Leaderboards
Showdown
Live 5
Trivia Bingo
Activity
Puzzle Library
Sporcle Events
Private Events
Virtual Trivia
Globe League
Become a Host
Pub Owners
SporcleCon
Opinionation
Our Games
Videos
Blog
Mobile Apps
Partnerships
Remove Ads and Go Orange
Feedback
Music
Pop Music
The Beatles
Song
Album
Lyrics
Bands
Singers
Artist
Clip
Rock
Rap
Classical
Billboard
Country Music
Kpop
Taylor Swift
Music
Pop Music
The Beatles
Song
Album
Lyrics
Bands
Singers
Artist
Clip
Rock
Rap
Classical
Billboard
Country Music
Kpop
Taylor Swift
Random Quiz
Search Sporcle
×
Quiz Lab
Quiz Lab
Music
Song
Type in answers that appear in a list
Type in answers that appear in a list
Classic
Best Score? Go Orange.
Begin the Beguine Trivia ♪ Stats
Can you answer the Begin the Beguine trivia questions?
By
DonnaBee
6m
20 Questions
12 Plays
12 Plays
12 Plays
Comments
Comments
Give Quiz Kudos
Give Quiz Kudos
-
- Ratings
hide this ad
More Info
Random Order
Randomize order of answers
Randomize order of answers
Replay
Link that replays current quiz
Next Quiz
Link to next quiz in quiz playlist
You Got
0%
They Got
Avg Score
60%
Avg Friend Score
Upgrade to see
Score Distribution
Jump to the score distribution portion of the page
Score
0/20
Timer
06:00
0
Plays Today
Hint
Answer
% Correct
Blue-
eyed singer who recorded this song.
Frank Sinatra
100%
Spanish-
language singer who had #1 hit in the UK with this song in 1981.
Julio Iglesias
91.7%
Composer of 'Begin the Beguine.'
Cole Porter
75%
'King' who recorded this song.
Elvis Presley
75%
Guitar inventor/
musician who recorded a jazz version of this song.
Les Paul
75%
Famous jazz artist who recorded this song.
Ella Fitzgerald
66.7%
Flashy piano player who recorded the song in 1956.
Liberace
66.7%
Fred Astaire movie featuring this song.
Broadway Melody
58.3%
Big band leader who had a hit with this song in 1938.
Artie Shaw
58.3%
Monkee who included this song on his 1992 album 'Tropical Campfires.'
Mike Nesmith
58.3%
Hint
Answer
% Correct
1991 movie in which actress Melora Hardin sings this song.
The Rocketeer
58.3%
Singer who performs this song in 2004 biopic of Cole Porter.
Sheryl Crow
58.3%
'Who' member who recorded this on his 1970 album, 'Happy Birthday.'
Peter Townshend
58.3%
Year written.
1935
50%
Agatha Christie movie featuring this song.
Evil Under the Sun
50%
Singer who sang this song in 'Moon Over Parador.'
Sammy Davis, Jr.
50%
Meaning of 'beguine' in the Creole language.
White lady
41.7%
Singer who included this song on his 1966 album 'From the Heart.'
Tom Jones
41.7%
Name of play for which it was written.
Jubilee
33.3%
1946 movie in which singer Carlos Ramirez recorded this song.
Night and Day
33.3%
Quiz Playlist
Details
Report
Send in Message
Add To Playlist
More Info:
Can you answer the trivia questions regarding the song "Begin the Beguine"?
Classic:
Type in answers that appear in a list
Random Order:
Randomize order of answers
Quiz Source
Last Updated: Feb 16, 2017
Quiz Scoreboard
CHALLENGE
Sign Up to Join the Scoreboard
Show All
Scores
Hide
Comments
May contain spoilers
Recently Published
Holiday 10x10 Sorting Gallery
by lukepisani3
Holiday
15m
Two Season TV Shows II
by 123Four
Television
10m
Image Sorting: Flags VI
by Barbecue
Geography
2m
More to Explore
Quiz From the Vault
Featured Blog Post
14 Easter Pick-up Lines to Find Eggs With
hide this ad
You Might Also Like...
Tags
Song Quiz
detail
Today's Top Quizzes in Music
Browse Music
hide this ad
Today's Top Quizzes in Song
Browse Song
Top Contributed Quizzes in Music
1
5X2 Blitz: Bands II
2
Taylor Swift All Songs (2024)
3
5X2 Blitz: The Beatles
4
5X2 Blitz: Billboard
5
Music Artist by Three 2010s hits
6
5X2 Blitz: Billboard II
7
5X2 Blitz: Album
8
5X2 Blitz: Rock
9
5X2 Blitz: Singers
10
5X2 Blitz: Lyrics
Explore More
Trending Topics
Harry Potter
Crossword
Kpop
NBA
Disney
Anime
Marvel
Puzzle
Song
The Office
NFL
WWE
Pokémon
Soccer
Country
hide this ad
More By:
DonnaBee
Quiz
Plays
Rating
Category
Featured
Created
Word Ladder: Wish for Cratchit
5,039
4.15
Just For Fun
Dec 29, 2014
Chemical Element, or Not?
1,433
4.77
Science
May 12, 2015
Rhymes with Rip
1,330
4.21
Language
May 24, 2015
Maryland Trivia
929
4.00
Miscellaneous
Aug 18, 2010
Whales and Dolphins
826
4.17
Science
Jan 23, 2010
Go to Creator's Profile
Score Distribution
Quiz Creator Spotlight
DonnaBee
Follow
Send a Message
Quizzes Created
-
Created Quiz Play Count
-
More By This Creator
Popular Quizzes Today
1
Find the US States - No Outlines Minefield
2
Colored Red Africa Blitz
3
Find the 'City' Movie
4
The Countries of the World
5
Find the US States
6
5x2 Blitz: Bands
7
Find the Countries of Europe - No Outlines Minefield
8
US States
More Music Quizzes
5 to 1 Blitz: Scottish Rock Music
Quiz Lab
Trending Quizzes
Colored Red Europe Blitz I
Colored Red Europe Blitz II
Colored Red Africa Blitz II
Colored Red Europe Blitz III
Colored Red Africa Blitz III
Recently Updated
Odd Team Out - Big 4 Players
pecheneg
Quick Pick: 20 Twenties
pecheneg
March Madness Men's Triple Doubles
pecheneg
How Do You Spell That?
pecheneg
Godzilla Movies
pecheneg
Grab Bag: 4-10 Letters
pecheneg
2024 March Madness Bracket
pecheneg
Famous TV Couples
Peacemaker
Champions League XIs: Real Madrid
pecheneg
Largest US Cities 1790-2010
pecheneg
Trending Topics
Kpop
Anime
Disney
Crossword
Harry Potter
NBA
Marvel
Soccer
NFL
Puzzle
Country
WWE
Pokémon
The Office
Song
Your Account Isn't Verified!
In order to create a playlist on Sporcle, you need to verify the email address you used during registration. Go to your
Sporcle Settings
to finish the process.
Report this User
Report this user for behavior that violates our
Community Guidelines
.
Details:
Send Report
Go to the Sporcle.com Mobile Site →
Comments